El mercado laboral en los países andinos : (Registro nro. 11787)

Detalles MARC
000 -LEADER
fixed length control field 01171nam a2200277Ia 4500
003 - CONTROL NUMBER IDENTIFIER
control field OSt
005 - DATE AND TIME OF LATEST TRANSACTION
control field 20210524121615.0
008 - FIXED-LENGTH DATA ELEMENTS--GENERAL INFORMATION
fixed length control field 210310s1999 pe ad gr 000 0 spa d
020 ## - INTERNATIONAL STANDARD BOOK NUMBER
International Standard Book Number 9223120233
022 ## - INTERNATIONAL STANDARD SERIAL NUMBER
Source 10203974
040 ## - CATALOGING SOURCE
Original cataloging agency CO-JMCR
Transcribing agency CO-JMCR
041 0# - LANGUAGE CODE
Language code of text/sound track or separate title spa
082 04 - DEWEY DECIMAL CLASSIFICATION NUMBER
Classification number 331.1 /
Item number E295m
Edition number 23
100 1# - MAIN ENTRY--PERSONAL NAME
Personal name Egger, Philippe,
Relator term autor
9 (RLIN) 26447
245 #0 - TITLE STATEMENT
Title El mercado laboral en los países andinos :
Remainder of title Un compendio de datos sobre empleo y salarios /
Statement of responsibility, etc. Philippe Egger ; con la colaboración de, Werner Gárate
260 ## - PUBLICATION, DISTRIBUTION, ETC.
Place of publication, distribution, etc. Perú :
Name of publisher, distributor, etc. Oficina Internacional del Trabajo,
Date of publication, distribution, etc. 1999.
300 ## - PHYSICAL DESCRIPTION
Extent 62 páginas :
Other physical details ilustraciones y graficas a color ;
Dimensions 28 cm.
490 ## - SERIES STATEMENT
Series statement Documento de trabajo ;
Volume/sequential designation 121.
505 ## - FORMATTED CONTENTS NOTE
Formatted contents note Participación en el trabajo. -- Empleo. -- Desempleo. -- Salario e ingresos. -- Productividad por actividad económica. -- Pobreza y distribución del ingreso. -- Indicadores de población y macroeconómicos.
650 14 - SUBJECT ADDED ENTRY--TOPICAL TERM
Topical term or geographic name entry element Mercado laboral
9 (RLIN) 37817
650 24 - SUBJECT ADDED ENTRY--TOPICAL TERM
Topical term or geographic name entry element Región de los Andes
9 (RLIN) 37818
650 24 - SUBJECT ADDED ENTRY--TOPICAL TERM
Topical term or geographic name entry element Mercado de trabajo.
9 (RLIN) 7713
650 24 - SUBJECT ADDED ENTRY--TOPICAL TERM
Topical term or geographic name entry element Región de los Andes.
9 (RLIN) 37818
700 1# - ADDED ENTRY--PERSONAL NAME
Personal name Gárate, Werner,
Relator term autor
9 (RLIN) 37819
942 ## - ADDED ENTRY ELEMENTS (KOHA)
Source of classification or shelving scheme Dewey Decimal Classification
Koha item type Books
Existencias
Withdrawn status Lost status Source of classification or shelving scheme Damaged status Not for loan Home library Current library Shelving location Date acquired Source of acquisition Full call number Barcode Date last seen Copy number Price effective from Koha item type
    Dewey Decimal Classification     Biblioteca Pública José María del Castillo y Rada Biblioteca Pública José María del Castillo y Rada General Stacks 04/15/2018 Donación 331.1 / E295m 430002747 05/16/2024 Ej.1 03/10/2021 Books